<?xml version='1.0' encoding='UTF-8'?>
  <record xmlns="http://www.loc.gov/MARC21/slim">
    <leader>00000cam a2200000 i 4500</leader>
    <controlfield tag="001">ocn781573675</controlfield>
    <controlfield tag="003">OCoLC</controlfield>
    <controlfield tag="005">20250819153442.7</controlfield>
    <controlfield tag="008">830808s1937    ne       m    000 0 dut d</controlfield>
    <datafield tag="040" ind1=" " ind2=" ">
      <subfield code="a">NLGGC</subfield>
      <subfield code="b">dut</subfield>
      <subfield code="e">fobidrtb</subfield>
      <subfield code="c">NLGGC</subfield>
      <subfield code="d">OCLCO</subfield>
      <subfield code="d">OCLCF</subfield>
      <subfield code="d">WURST</subfield>
      <subfield code="d">OCLCO</subfield>
      <subfield code="d">OCLCQ</subfield>
      <subfield code="d">OCLCL</subfield>
      <subfield code="d">OCLCQ</subfield>
    </datafield>
    <datafield tag="029" ind1="0" ind2=" ">
      <subfield code="a">NLGGC</subfield>
      <subfield code="b">832287431</subfield>
    </datafield>
    <datafield tag="035" ind1=" " ind2=" ">
      <subfield code="a">(OCoLC)781573675</subfield>
    </datafield>
    <datafield tag="050" ind1=" " ind2="4">
      <subfield code="a">QH331</subfield>
      <subfield code="b">.B78 1937</subfield>
    </datafield>
    <datafield tag="082" ind1="0" ind2="4">
      <subfield code="a">577</subfield>
      <subfield code="q">OCoLC</subfield>
      <subfield code="1">https://id.oclc.org/worldcat/ddc/E3hrPJck6k9vXfrBk4ymrxvPyk</subfield>
    </datafield>
    <datafield tag="100" ind1="1" ind2=" ">
      <subfield code="a">Bruna, M.A.</subfield>
      <subfield code="q">(Michael Albertus),</subfield>
      <subfield code="d">1903-</subfield>
      <subfield code="1">https://id.oclc.org/worldcat/entity/E39PCjrCBHJGG9QyYjpbHt6wcq</subfield>
    </datafield>
    <datafield tag="245" ind1="1" ind2="0">
      <subfield code="a">Biologie en wijsbegeerte /</subfield>
      <subfield code="c">door Michael Albertus Bruna.</subfield>
    </datafield>
    <datafield tag="260" ind1=" " ind2=" ">
      <subfield code="a">Maastricht :</subfield>
      <subfield code="b">Gebrs. van Aelst,</subfield>
      <subfield code="c">1937.</subfield>
    </datafield>
    <datafield tag="300" ind1=" " ind2=" ">
      <subfield code="a">X, 106 p. ;</subfield>
      <subfield code="c">24 cm.</subfield>
    </datafield>
    <datafield tag="336" ind1=" " ind2=" ">
      <subfield code="a">tekst</subfield>
      <subfield code="b">txt</subfield>
      <subfield code="2">rdacontent/dut</subfield>
    </datafield>
    <datafield tag="337" ind1=" " ind2=" ">
      <subfield code="a">zonder medium</subfield>
      <subfield code="b">n</subfield>
      <subfield code="2">rdamedia/dut</subfield>
    </datafield>
    <datafield tag="338" ind1=" " ind2=" ">
      <subfield code="a">band</subfield>
      <subfield code="b">nc</subfield>
      <subfield code="2">rdacarrier/dut</subfield>
    </datafield>
    <datafield tag="502" ind1=" " ind2=" ">
      <subfield code="a">Proefschrift Utrecht.</subfield>
    </datafield>
    <datafield tag="504" ind1=" " ind2=" ">
      <subfield code="a">Lit. opg.: p. 101-106.</subfield>
    </datafield>
    <datafield tag="530" ind1=" " ind2=" ">
      <subfield code="a">Titel wordt gedigitaliseerd voor de Koninklijke Bibliotheek in het kader van Metamorfoze.</subfield>
    </datafield>
    <datafield tag="650" ind1=" " ind2="0">
      <subfield code="a">Biology</subfield>
      <subfield code="x">Philosophy.</subfield>
    </datafield>
    <datafield tag="650" ind1=" " ind2="6">
      <subfield code="a">Biologie</subfield>
      <subfield code="x">Philosophie.</subfield>
    </datafield>
    <datafield tag="650" ind1=" " ind2="7">
      <subfield code="a">Biology</subfield>
      <subfield code="x">Philosophy.</subfield>
      <subfield code="2">fast</subfield>
      <subfield code="0">(OCoLC)fst00832439</subfield>
    </datafield>
    <datafield tag="653" ind1="0" ind2="0">
      <subfield code="a">biologie</subfield>
    </datafield>
    <datafield tag="653" ind1="0" ind2="0">
      <subfield code="a">biology</subfield>
    </datafield>
    <datafield tag="653" ind1="0" ind2="0">
      <subfield code="a">filosofie</subfield>
    </datafield>
    <datafield tag="653" ind1="0" ind2="0">
      <subfield code="a">philosophy</subfield>
    </datafield>
    <datafield tag="653" ind1="0" ind2="0">
      <subfield code="a">wetenschapsfilosofie</subfield>
    </datafield>
    <datafield tag="653" ind1="0" ind2="0">
      <subfield code="a">philosophy of science</subfield>
    </datafield>
    <datafield tag="653" ind1="1" ind2="0">
      <subfield code="a">Philosophy of Science</subfield>
    </datafield>
    <datafield tag="653" ind1="1" ind2="0">
      <subfield code="a">Wetenschapsfilosofie</subfield>
    </datafield>
    <datafield tag="655" ind1=" " ind2="4">
      <subfield code="a">PhD thesis</subfield>
    </datafield>
    <datafield tag="758" ind1=" " ind2=" ">
      <subfield code="a">Biologie en wijsbegeerte (Text)</subfield>
      <subfield code="1">https://id.oclc.org/worldcat/entity/E39PCYMqHPykd9xbC78kKqMdPP</subfield>
      <subfield code="4">https://id.oclc.org/worldcat/ontology/hasWork</subfield>
    </datafield>
    <datafield tag="776" ind1="0" ind2=" ">
      <subfield code="t">Biologie en wijsbegeerte</subfield>
      <subfield code="w">(NL-LeOCL)416526764</subfield>
    </datafield>
    <datafield tag="936" ind1=" " ind2=" ">
      <subfield code="a">BATCHLOAD</subfield>
    </datafield>
  </record>